000 00294nam a2200121Ia 4500
008 240624s9999 xx 000 0 und d
041 _aeng
082 _a658.4063 DOD
100 _aDODGSON MARK
245 _aHANDBOOK OF INDUSTRIAL INNOVATION
260 _c1996
_aElgar,1996
365 _cBPS
_b25
999 _c31399
_d31399